Supervising the PhD : a guide to success
Αποθηκεύτηκε σε:
| Κύριος συγγραφέας: | |
|---|---|
| Άλλοι συγγραφείς: | , |
| Μορφή: | Βιβλίο |
| Γλώσσα: | English |
| Δημοσίευση: |
Buckingham [England] :
The society for Research into Higher Education, Open University Press,
1999,c1997
|
| Θέματα: | |
| Ετικέτες: |
Προσθήκη ετικέτας
Δεν υπάρχουν, Καταχωρήστε ετικέτα πρώτοι!
|
MARC
| LEADER | 00000cam a2200000 i 4500 | ||
|---|---|---|---|
| 001 | 1/62033 | ||
| 008 | 020410r19991997 eng d | ||
| 020 | |a 0-335-19516-4 (pbk.) | ||
| 035 | |l 10000962 | ||
| 040 | |a GR-MY-UA |b gre |e aacr | ||
| 041 | 0 | |a eng | |
| 082 | 0 | |a 378.24 |2 (21) | |
| 100 | 1 | |a Delamont, Sara |d 1947- | |
| 245 | 1 | 0 | |a Supervising the PhD : |b a guide to success / |c Sara Delamont, Paul Atkinson and Odette Parry |
| 260 | |a Buckingham [England] : |b The society for Research into Higher Education, |b Open University Press, |c 1999,c1997 | ||
| 300 | |a 209 p.; |c 23 cm. | ||
| 504 | |a Includes bibliographical references and index | ||
| 650 | 0 | 0 | |a Doctor of philosophy degree |z Great Britain. |
| 650 | 0 | 0 | |a Faculty advisors |z Great Britain. |
| 650 | 0 | 0 | |a Universities and colleges |z Great Britain |x Graduate work. |
| 700 | 1 | |a Atkinson, Paul, |d 1947- | |
| 700 | 1 | |a Parry, Odette |d 1954- | |
| 852 | |a INST |b SYROS |e 20020410 |h 378.24 DEL |p 005500000520 |q 005500000520 |t BK |y 0 | ||
| 901 | |a BIBL5-2002-1 | ||
| 909 | |a Ε |b 088948 | ||
| 970 | |a ΚΡΗΤΙΚΟΥ |b ΘΩΜΑΙΣ |z 2002/04/02 | ||